000 00690nam a2200241Ia 4500
003 OSt
005 20220918180722.0
006 a|||||r|||| 00| 0
007 ta
008 220917b |||||||| |||| 00| 0 eng d
024 _a23,706
037 _cTextual
040 _aARTS
_cARTS
_beng
041 _2eng
_aeng
082 _aO111,1K08,8:g, L5
100 _aLoverlock J ed
_956894
245 0 _aMilton coumus and samson agonistes
_b a case book
260 _aLondon
_bMacmillan Press
_c1975
300 _a215p.
_ccm.
650 _aMILTON, JOHN; ENGLISH LITERATURE
_94883
942 _hO111,1K08,8:g, L5
_cTEXL
_2CC
999 _c162750
_d162750